Hard interstates to cities pt 2 - Statistics

General Stats
  • This quiz has been taken 9 times
  • The average score is 15 of 22
Answer Stats
Hint Answer % Correct
5,10,15 Los Angeles
100%
78,80,87,95 New York City
100%
5,90 Seattle
100%
70,71 Columbus
88%
20,30,35,45 Dallas
88%
44,55,64,70 St Louis
88%
10,95 Jacksonville
75%
75,95 Miami
75%
24,40,65 Nashville
75%
66,70,95 Washington DC
75%
87,88,90 Albany
63%
20,26,77 Columbia
63%
29,94 Fargo
63%
65,69,70,74 Indianapolis
63%
29,80 Omaha
63%
24,59,75 Chattanooga
50%
15,84 Ogden
50%
20,49 Shreveport
50%
10,19 Tuscon
50%
76,95 Philly
38%
69,96 Lansing
25%
10,59 Slidell
25%
No matching quizzes found
Score Distribution
Percent of People with Each Score
Percentile by Number Answered
Your Score History
You have not taken this quiz